Accounting for non- accounting students / (Record no. 216324)
[ view plain ]
| 000 -LEADER | |
|---|---|
| fixed length control field | 00659 a2200229 4500 |
| 005 - DATE AND TIME OF LATEST TRANSACTION | |
| control field | 20260313123331.0 |
| 008 - FIXED-LENGTH DATA ELEMENTS--GENERAL INFORMATION | |
| fixed length control field | 260313b ||||| |||| 00| 0 eng d |
| 020 ## - INTERNATIONAL STANDARD BOOK NUMBER | |
| International Standard Book Number | 9780273722977 |
| 040 ## - CATALOGING SOURCE | |
| Original cataloging agency | LC |
| Transcribing agency | UNZA |
| Description conventions | RDA |
| 050 ## - LIBRARY OF CONGRESS CALL NUMBER | |
| Classification number | HF 5636 |
| Item number | DYS 2010 |
| 100 ## - MAIN ENTRY--PERSONAL NAME | |
| Personal name | Dyson, R. John |
| Relator term | author |
| 245 ## - TITLE STATEMENT | |
| Title | Accounting for non- accounting students / |
| Statement of responsibility, etc. | John R. Dyson. |
| 250 ## - EDITION STATEMENT | |
| Edition statement | Eighth edition. |
| 260 ## - PUBLICATION, DISTRIBUTION, ETC. | |
| Place of publication, distribution, etc. | Harlow : |
| Name of publisher, distributor, etc. | Prentice Hall, |
| Date of publication, distribution, etc. | 2010. |
| 300 ## - PHYSICAL DESCRIPTION | |
| Extent | xxi, 519 pages : |
| Other physical details | illustrations. |
| 336 ## - CONTENT TYPE | |
| CONTENT TYPE | Text |
| 337 ## - MEDIA TYPE | |
| MEDIA TYPE | Unmediated |
| 338 ## - CARRIER TYPE | |
| CARRIER TYPE | Volume |
| 504 ## - BIBLIOGRAPHY, ETC. NOTE | |
| Bibliography, etc. note | Includes bibliographical references and index. |
| 650 ## - SUBJECT ADDED ENTRY--TOPICAL TERM | |
| Topical term or geographic name entry element | Accounting |
| 999 ## - | |
| -- | 216324 |
| -- | 216324 |
| 942 ## - ADDED ENTRY ELEMENTS (KOHA) | |
| Koha item type | Book |
| Withdrawn status | Lost status | Source of classification or shelving scheme | Damaged status | Not for loan | Collection code | Home library | Current library | Shelving location | Date acquired | Source of acquisition | Cost, normal purchase price | Total Checkouts | Full call number | Barcode | Date last seen | Copy number | Cost, replacement price | Price effective from | Koha item type |
|---|---|---|---|---|---|---|---|---|---|---|---|---|---|---|---|---|---|---|---|
| Library of Congress Classification | Non-fiction | Main Library | Main Library | On Shelf | 02/23/2026 | Donation | 300.00 | HF 5636 DYS 2010 | 33729006807908 | 02/23/2026 | 1 | 300.00 | 02/23/2026 | Book | |||||
| Library of Congress Classification | Non-fiction | Main Library | Main Library | On Shelf | 02/23/2026 | Donation | 300.00 | HF 5636 DYS 2010 | 33729006807841 | 02/23/2026 | 2 | 300.00 | 02/23/2026 | Book | |||||
| Library of Congress Classification | Non-fiction | Main Library | Main Library | On Shelf | 02/23/2026 | Donation | 300.00 | HF 5636 DYS 2010 | 33729006807783 | 02/23/2026 | 3 | 300.00 | 02/23/2026 | Book | |||||
| Library of Congress Classification | Non-fiction | Main Library | Main Library | On Shelf | 02/23/2026 | Donation | 300.00 | HF 5636 DYS 2010 | 33729006807726 | 02/23/2026 | 4 | 300.00 | 02/23/2026 | Book | |||||
| Library of Congress Classification | Non-fiction | Main Library | Main Library | On Shelf | 02/23/2026 | Donation | 300.00 | HF 5636 DYS 2010 | 33729006808385 | 02/23/2026 | 5 | 300.00 | 02/23/2026 | Book |